书目信息 |
| 题名: |
网络环境与图书馆信息资源
|
|
| 作者: | 张怀涛 , 索传军 , 代根兴 主编 | |
| 分册: | ||
| 出版信息: | 郑州 郑州大学出版社 2002.09 |
|
| 页数: | 406页 | |
| 开本: | 20cm | |
| 丛书名: | ||
| 单 册: | ||
| 中图分类: | G250.7 | |
| 科图分类: | ||
| 主题词: | 计算机网络--应用--图书馆工作 | |
| 电子资源: | ||
| ISBN: | 7-81048-641-1 | |
| 000 | 01258nam0 2200277 450 | |
| 001 | 0168336342 | |
| 005 | 20051014100656.92 | |
| 010 | @a7-81048-641-1@dCNY26.00 | |
| 100 | @a20050910d2002 km y0chiy0120 ea | |
| 101 | 0 | @achi |
| 102 | @aCN@b410000 | |
| 105 | @aa a 000yy | |
| 200 | 1 | @a网络环境与图书馆信息资源@Awang luo huan jing yu tu shu guan xin xi zi yuan@f张怀涛, 索传军, 代根兴主编@Fzhang huai tao,suo chuan jun,dai gen xing zhu bian |
| 210 | @a郑州@c郑州大学出版社@d2002.09 | |
| 215 | @a406页@c图@d20cm | |
| 300 | @a国家社会科学基金项目研究成果 | |
| 314 | @a张怀涛,中原工学院图书馆研究馆员、全国高校图书情报工作委员会期刊专业委员会副主任、河南省图书馆学会副理事长。; 索传军,郑州大学图书馆副馆长、副研究馆员、博士。; 代根兴,北京邮电大学图书馆馆长、副教授、硕士生导师。 | |
| 320 | @a有书目。 | |
| 330 | @a本书着重探讨了网络环境下图书馆信息资源的组织与服务的理论和方法问题。内容包括:网络环境给图书馆带来的影响,图书馆网络化、数字化、虚拟化建设,图书馆信息资源的组织与管理等。 | |
| 606 | 0 | @a计算机网络@x应用@x图书馆工作 |
| 690 | @aG250.7@v4 | |
| 701 | 0 | @a张怀涛@Azhang huai tao@4主编 |
| 701 | 0 | @a索传军@Asuo chuan jun@4主编 |
| 701 | 0 | @a代根兴@Adai gen xing@4主编 |
| 801 | 0 | @aCN@bQSSK@c20051014 |
| 905 | @a10447@dG250.7@eZ116 | |
| 网络环境与图书馆信息资源/张怀涛, 索传军, 代根兴主编.-郑州:郑州大学出版社,2002.09 |
| 406页:图;20cm |
| 国家社会科学基金项目研究成果 |
| ISBN 7-81048-641-1:CNY26.00 |
| 本书着重探讨了网络环境下图书馆信息资源的组织与服务的理论和方法问题。内容包括:网络环境给图书馆带来的影响,图书馆网络化、数字化、虚拟化建设,图书馆信息资源的组织与管理等。 |
| ● |
| 相关链接 |
|
|
|
正题名:网络环境与图书馆信息资源
索取号:G250.7/Z116
 
预约/预借
| 序号 | 登录号 | 条形码 | 馆藏地/架位号 | 状态 | 备注 |
| 1 | 568436 | 205684366 | 社科库409/409社科库 59排1列4层/ [索取号:G250.7/Z116] | 在馆 | |
| 2 | 568437 | 205684375 | 社科库409/409社科库 59排1列4层/ [索取号:G250.7/Z116] | 在馆 | |
| 3 | 568438 | 205684384 | 社科库409/409社科库 59排1列4层/ [索取号:G250.7/Z116] | 在馆 |